Paroles - Je m'voyais déjà - Charles Aznavour - Statistiques

Statistiques générales
  • Ce quiz a été pris 854 fois
    847 depuis la dernière actualisation
  • Le résultat moyen est 317 sur 458
Statistiques - réponses
Paroles % Correct
j'
100%
J'
100%
À
99%
à
99%
a
99%
d'
99%
D'
99%
de
99%
De
99%
m'
99%
l'
98%
L'
98%
Je
96%
je
96%
p'
96%
déjà
95%
en
95%
En
95%
s'
95%
voyais
95%
haut
94%
qu'
94%
n'
93%
qui
93%
dix
92%
et
92%
Et
92%
Le
92%
le
92%
ma
92%
affiche
91%
la
91%
là,
91%
ai
90%
mon
89%
Mon
89%
plus
89%
que
88%
ans
86%
par
86%
Ce
84%
ce
84%
Les
84%
les
84%
des
83%
Des
83%
du
83%
fois
83%
nom
83%
province
83%
quitté
83%
vie
83%
Bien
82%
bien
82%
importe
82%
Paris
82%
dix-huit
81%
mes
81%
Mes
81%
décidé
80%
étais
80%
gros
80%
On
80%
grand
79%
riche
79%
coeur
78%
se
78%
bleu
77%
bleu,
77%
conquérir
76%
complet
75%
fait
75%
mince
75%
adulé
74%
au
74%
Au
74%
bagage
74%
eu
74%
faire
73%
Ont
73%
ont
73%
était
72%
étalait
72%
léger
72%
dernier
71%
cri
70%
tailleur
70%
Chez
69%
économies
68%
raison
68%
si
68%
Si
68%
grands
67%
certain
66%
empoigner
66%
fantaisistes
66%
chansons
65%
chic
65%
un
65%
ne
64%
Pour
63%
pour
63%
cou
62%
moi
62%
moi,
62%
Moi
62%
photo
62%
talent
62%
sûr,
61%
sûr
61%
sur
61%
fais
60%
Mais
60%
mais
60%
y
60%
bousculaient
59%
orchestrations
59%
pas
59%
porte
59%
est
58%
aux
57%
dans
57%
admirateurs
56%
trente
54%
quoi
53%
soir
53%
Celle
52%
celle
52%
font
52%
rire
52%
Signant
51%
suis
50%
pendre
49%
filles
48%
peu
48%
Rien
47%
rien
47%
sous
47%
succès
47%
debout
46%
photos,
46%
public
46%
une
46%
moins
45%
acclamaient
44%
tout
44%
soldats
43%
âge
42%
prenant
42%
voix
42%
chance
41%
connu
41%
encore
41%
fort
41%
liste
41%
scène
41%
cherchant
40%
ou
40%
crois
39%
faciles
39%
faveur
39%
nuit
39%
traits
39%
vieilli,
39%
fond
38%
pourrait
38%
ressort
38%
jamais
37%
maquillage
37%
aigri
36%
avec
36%
cachet,
36%
geste
36%
métier
36%
précis
36%
connais
35%
été
35%
trains
35%
aidé,
34%
bras
34%
j'ai
34%
subsister
34%
compris
33%
devant
33%
pieds
33%
soleil
33%
autres
32%
hiver
32%
maigres
32%
repas
32%
Faisant
31%
idées
31%
jour
31%
photographie
31%
réussi
31%
sentir
31%
star
31%
tits
31%
cours
30%
faute
30%
peur
30%
veine
30%
accordé
29%
neige,
29%
voir
29%
argent
28%
meublés
28%
air
27%
assis,
27%
conseils
27%
leur
27%
minables
27%
porter
27%
racontant
27%
trop
27%
valises
27%
beaucoup
26%
montrerai
25%
débutants
24%
désabusé
24%
nous
24%
cachets,
23%
viendra
23%
amour,
22%
avance
22%
chanté
22%
première
22%
projecteurs
22%
pur
22%
soirs
22%
friands
21%
ombre
21%
essayé
20%
calmement
19%
fantaisie
19%
comique
18%
raté
18%
sortir
18%
pourtant
17%
Mille
16%
ouvrais
16%
télégrammes
16%
ovations
15%
parterre
15%
Tout-Paris
15%
trac
15%
nombre
13%
mourant
12%
Entré
8%
Aucun quiz correspondant
Distribution des résultats
% des personnes avec chaque résultat
Percentile par nombre de réponses
Votre historique - résultats
Vous n’avez pas pris ce quiz depuis la dernière actualisation